| 000 | 00328cam a22001337a 4500 | ||
|---|---|---|---|
| 008 | 180718b1960 xxu||||| |||| 00| 0 eng d | ||
| 082 | _aA99 F46 | ||
| 100 | _aFielden, Lionel | ||
| 245 |
_aNatural bent _cby L. Fielden |
||
| 260 |
_aLondon _bDeutsch _c1960 |
||
| 300 | _a336p. | ||
| 500 | _a25/- | ||
| 650 | _aFielden, Lionel, 1896 | ||
| 999 |
_c365399 _d365399 |
||